000 00512 a2200169 4500
999 _c10494
_d10494
020 _a9781444790108
050 _aPZ7.1 RIC 2015
100 _aRice, James,
_d 1987-
_eauthor
245 _a Alice and the fly /
_cJames Rice
264 _aUnited Kingdom :
_bHodder & Stoughton,
_c 2015
300 _a336 pages ; 24 cm
500 _aNo index
650 _aPhobias
_x Fiction.
650 _a Obsessive-compulsive disorder
_x Fiction.
650 _a Obsessive-compulsive disorder.
942 _2lcc
_cBK
_h7.1
_iRIC
_kPZ